Etica y medios de comunicación

Kaydedildi:
Detaylı Bibliyografya
Yazar: Blázquez, Niceto (Yazar)
Materyal Türü: Kitap
Dil:İspanyolca
Baskı/Yayın Bilgisi: Madrid B A C 1994
Seri Bilgileri:Biblioteca de Autores Cristianos, 537
Konular:
Etiketler: Etiketle
Etiket eklenmemiş, İlk siz ekleyin!

MARC

LEADER 00000nam a2200000 a 4500
001 UCU4836
003 CL-VaPUC
008 960524e19940000SP |||||||||||||||||spa|d
020 |a 8479141212 
082 0 4 |a 174  |b BLA  |2 21 
100 |a Blázquez, Niceto  |e author  |9 295392 
245 1 0 |a Etica y medios de comunicación 
300 |a 746 p 
942 |c BK 
945 |d 19960524 00:00:00  |a aalvarez 
260 |a Madrid  |b B A C  |c 1994 
650 7 |a ETICA DE LA COMUNICACION  |2 CL-VaPUC  |9 334574 
650 0 |a Medios de comunicación de masas  |9 257273 
650 0 |a Ética  |9 255099 
583 |a last modification  |c 19960524 00:00:00  |k Rodrigo Vera 
490 0 |a Biblioteca de Autores Cristianos, 537 
999 |c 248372  |d 248370 
952 |0 0  |1 0  |4 0  |6 174_000000000000000_BLA_1994  |7 0  |8 A  |9 264966  |a BIBTEO  |b BIBTEO  |d 2019-11-19  |i 3198553  |o 174 BLA 1994  |p 3198553  |r 2025-01-17  |w 2019-11-19  |y BK  |k ICR 
952 |0 0  |1 0  |4 0  |6 174_000000000000000_BLA_1994  |7 0  |8 A  |9 264967  |a BIBTEO  |b BIBTEO  |d 2019-11-19  |i 3640116  |o 174 BLA 1994  |p 3640116  |r 2025-01-17  |w 2019-11-19  |y BK  |k ICR 
952 |0 0  |1 0  |4 0  |6 174_000000000000000_BLA_1994  |7 0  |8 A  |9 264968  |a BIBTEO  |b BIBTEO  |d 2019-11-19  |i 3959171  |o 174 BLA 1994  |p 3959171  |r 2025-01-17  |w 2019-11-19  |y BK  |k ICR